000 00898nas a2200301 4500
001 BR2015000897
003 BR-BrBNA
005 20231205125024.0
007 ta
008 230509b bl.|||p| |||| 00| 00por d
040 _aBR-BrBNA
_bpor
_cBiblioteca Nacional de Agricultura
041 _a(Pt)
072 _aQ03
100 1 _aKuhn, C.R.
100 1 _aGandra, E.A.
100 1 _aFerreira, L.R.
100 1 _aBartz, J.
100 1 _aGonzáles, A.P.
100 1 _aGayer, C. da F.
245 1 _aQualidade higiênica de lanches comercializados na cidade de Pelotas, RS
650 _aANÁLISE MICROBIOLÓGICA
650 _aCONTAMINAÇÃO
650 _aHIGIENE DE ALIMENTO
650 _aCONSUMIDOR
773 0 _tHigiene Alimentar (Brazil)
_xISSN 0101-9171
_g(Jan-Feb 2014), v. 28(228-229) p. 129-133
_wBR2015000897
909 _a202311
_bLúcia
_c55
_dLúcia Elande
942 _2AGRIS
_n0
_cANA
999 _c242180
_d242180